[Event "World Youth Open U18 2016"]
[Site "Khanty-Mansiysk RUS"]
[Date "2016.09.26"]
[Round "5.24"]
[White "Marek, Matyas"]
[Black "Maltezeanu, Stefan"]
[Result "1-0"]
[WhiteTitle "FM"]
[WhiteElo "2381"]
[BlackElo "1734"]
[WhiteFideId "335398"]
[BlackFideId "4004655"]
[EventDate "2016.09.22"]

1. e4 e5 2. Nf3 Nc6 3. Bc4 Bc5 4. O-O Nf6 5. d3 d6 6. c3 a6 7. a4 Ba7 8. Bg5 h6
9. Bh4 g5 10. Bg3 Bg4 11. Nbd2 Qd7 12. b4 O-O 13. h3 Be6 14. Bxe6 Qxe6 15. b5
axb5 16. axb5 Ne7 17. d4 Ng6 18. Re1 Bb6 19. c4 Bxd4 20. Nxd4 exd4 21. Nf3 Rxa1
22. Qxa1 Ne5 23. Nxd4 Qd7 24. Bxe5 dxe5 25. Nf5 1-0

[Event "World Youth Open U18 2016"]
[Site "Khanty-Mansiysk RUS"]
[Date "2016.09.26"]
[Round "5.25"]
[White "Erenberg, Ariel"]
[Black "Wu, Christopher"]
[Result "0-1"]
[WhiteTitle "FM"]
[BlackTitle "FM"]
[WhiteElo "2350"]
[BlackElo "2377"]
[WhiteFideId "2811634"]
[BlackFideId "2040875"]
[EventDate "2016.09.22"]

1. d4 Nf6 2. c4 e6 3. Nf3 d5 4. Nc3 Bb4 5. Qb3 Be7 6. Bg5 c6 7. e3 O-O 8. Bd3
dxc4 9. Bxc4 b5 10. Be2 Nbd7 11. O-O a6 12. Rfd1 h6 13. Bh4 Qb6 14. e4 g5 15.
Bg3 Nh5 16. d5 Nxg3 17. hxg3 Bc5 18. Rf1 cxd5 19. exd5 Nf6 20. Rad1 Re8 21. Ne5
Bb7 22. Ng4 Nxd5 23. Nxh6+ Kg7 24. Ng4 f5 25. Ne5 Rad8 26. Bh5 Rf8 27. Nxd5 exd5
28. Qc3 d4 29. Qc2 f4 30. Nd3 Bd6 31. f3 Kh6 32. g4 Bd5 33. b3 Rc8 34. Qd2 Rc3
35. Qe2 Rfc8 36. Rd2 R3c7 37. Kh2 Re7 38. Qd1 Re3 39. Ne1 Bc5 40. Nc2 Rd8 41.
Rd3 Rxd3 42. Qxd3 Bg8 43. Re1 Bh7 44. Qd2 0-1

[Event "World Youth Open U18 2016"]
[Site "Khanty-Mansiysk RUS"]
[Date "2016.09.26"]
[Round "5.26"]
[White "Georgiev, Todor"]
[Black "Kenenbaev, Aidar"]
[Result "1-0"]
[WhiteElo "2197"]
[BlackElo "2143"]
[WhiteFideId "2916088"]
[BlackFideId "13801180"]
[EventDate "2016.09.22"]

1. d4 Nf6 2. c4 g6 3. Nc3 Bg7 4. e4 d6 5. f3 O-O 6. Be3 c5 7. Nge2 cxd4 8. Nxd4
Nc6 9. Be2 Bd7 10. Qd2 a6 11. O-O Rb8 12. a4 Re8 13. Rab1 Nb4 14. Rfd1 Rc8 15.
Nb3 Qc7 16. Rbc1 Qb8 17. Nd4 Red8 18. h3 Kh8 19. b3 e5 20. Nc2 Nxc2 21. Rxc2 Be6
22. f4 Bh6 23. Rf1 exf4 24. Bd4 Bg7 25. Rxf4 Nd7 26. Bxg7+ Kxg7 27. Rh4 Kg8 28.
Qh6 Nf8 29. Bg4 Qa7+ 30. Rf2 Rc7 31. Bxe6 fxe6 32. Rf4 Rg7 33. Qg5 Re8 34. e5
dxe5 35. Qxe5 Nd7 36. Qd6 Qc5 37. Ne4 Qxd6 38. Nxd6 Rb8 39. Rf7 Ne5 40. Rxg7+
Kxg7 41. Re2 Kf6 42. Ne4+ Kf5 43. g4+ Kf4 44. Nc5 Nc6 45. Kf2 Kg5 46. Rxe6 Kh4
47. Kg2 Rd8 48. Re2 Na5 49. g5 Rd1 50. Ne6 Nxb3 51. Re4+ Kh5 52. Rg4 Rd2+ 53.
Kf1 Rd1+ 54. Kf2 1-0

[Event "World Youth Open U18 2016"]
[Site "Khanty-Mansiysk RUS"]
[Date "2016.09.26"]
[Round "5.27"]
[White "Gretz, Denis"]
[Black "Helander, Benjamin"]
[Result "1-0"]
[WhiteElo "2339"]
[BlackElo "1892"]
[WhiteFideId "12945188"]
[BlackFideId "514101"]
[EventDate "2016.09.22"]

1. e4 c5 2. Nf3 g6 3. c4 Bg7 4. d4 cxd4 5. Nxd4 Nc6 6. Nc2 Nf6 7. Nc3 O-O 8. Be2
d6 9. O-O Bd7 10. Be3 Rc8 11. f3 b6 12. Qd2 Qc7 13. Rac1 Rfd8 14. Bg5 Qb7 15.
Nd5 Be6 16. Nxf6+ exf6 17. Bh4 Rd7 18. Ne3 Ne7 19. Bd3 Rdd8 20. f4 f5 21. exf5
gxf5 22. Kh1 Qd7 23. Bxe7 Qxe7 24. Bxf5 Qf6 25. Qd3 Bxf5 26. Nxf5 Rc5 27. Nxg7
Kxg7 28. b3 d5 29. Rcd1 a6 30. Qg3+ Kf8 31. cxd5 Rcxd5 32. Rxd5 Rxd5 33. Qh3 Rd2
34. Qc8+ Kg7 35. Qxa6 Qb2 36. Qb7 Qxa2 37. Qf3 Rb2 38. f5 Rb1 39. Qg3+ Kf8 40.
Qb8+ Kg7 41. f6+ Kh6 42. Qf4+ Kg6 43. Qf5+ 1-0

[Event "World Youth Open U18 2016"]
[Site "Khanty-Mansiysk RUS"]
[Date "2016.09.26"]
[Round "5.28"]
[White "Petrovskis, Olegs"]
[Black "Roos, Lucas"]
[Result "1-0"]
[WhiteElo "2159"]
[BlackElo "1830"]
[WhiteFideId "11603186"]
[BlackFideId "14308673"]
[EventDate "2016.09.22"]

1. d4 Nf6 2. Bg5 e6 3. Nf3 Be7 4. e3 O-O 5. Bd3 b6 6. O-O Ba6 7. c4 c5 8. Nc3
Nc6 9. a3 Na5 10. Qe2 d5 11. cxd5 Bxd3 12. Qxd3 c4 13. Qc2 exd5 14. Bxf6 Bxf6
15. Qf5 Nb3 16. Rad1 g6 17. Qxd5 Qc8 18. Nd2 Nxd2 19. Rxd2 Rd8 20. Qf3 Qf5 21.
Rc1 Rac8 22. Rdc2 Be7 23. Qxf5 gxf5 24. Ne2 b5 25. g3 Kg7 26. a4 a6 27. axb5
axb5 28. b3 Ba3 29. Rb1 cxb3 30. Rxc8 Rxc8 31. Rxb3 b4 32. Kf1 Rc2 33. Ke1 Kf8
34. Nf4 Bb2 35. Nd3 Bc3+ 36. Kf1 Bd2 37. Nxb4 Rc4 38. Nd3 Ke7 39. Rb7+ Ke6 40.
Ne5 Rc1+ 41. Ke2 Ba5 42. Nxf7 1-0

[Event "World Youth Open U18 2016"]
[Site "Khanty-Mansiysk RUS"]
[Date "2016.09.26"]
[Round "5.30"]
[White "Ding, Tze How Dilwen"]
[Black "Yoshida, Haruki"]
[Result "0-1"]
[WhiteTitle "FM"]
[WhiteElo "2397"]
[BlackElo "1750"]
[WhiteFideId "5707641"]
[BlackFideId "7002076"]
[EventDate "2016.09.22"]

1. d4 Nf6 2. Nf3 e6 3. c4 Bb4+ 4. Bd2 Qe7 5. g3 b6 6. Bg2 Bb7 7. O-O Bxd2 8.
Qxd2 O-O 9. Nc3 d6 10. d5 e5 11. e4 a5 12. b3 Na6 13. a3 Nc5 14. Qc2 h6 15. b4
Na6 16. Rab1 axb4 17. axb4 Bc8 18. Nh4 Bd7 19. Kh1 Rfb8 20. Nf5 Bxf5 21. exf5
Re8 22. Rfe1 Nb8 23. f4 Nbd7 24. Nb5 Qd8 25. fxe5 Nxe5 26. h3 Qd7 27. g4 Nh7 28.
Ra1 Rec8 29. Nd4 Ng5 30. Kh2 Qe8 31. Qc3 Rxa1 32. Rxa1 Ra8 33. Re1 Qa4 34. Nc6
f6 35. c5 bxc5 36. bxc5 Qf4+ 37. Kh1 Ngf3 38. Bxf3 Nxf3 39. Re2 Qg3 0-1

[Event "World Youth Open U18 2016"]
[Site "Khanty-Mansiysk RUS"]
[Date "2016.09.26"]
[Round "5.31"]
[White "Oner, Oguz"]
[Black "Shih, Yu-An"]
[Result "1-0"]
[WhiteElo "1962"]
[BlackElo "1493"]
[WhiteFideId "6329330"]
[BlackFideId "16300645"]
[EventDate "2016.09.22"]

1. d4 d5 2. Nf3 Nf6 3. c4 e6 4. Nc3 c6 5. Bg5 Nbd7 6. e3 Qa5 7. Nd2 Bb4 8. Qc2
h6 9. Bh4 O-O 10. Bd3 Bxc3 11. bxc3 a6 12. O-O Qc7 13. Bg3 Qd8 14. cxd5 cxd5 15.
a4 b6 16. c4 Bb7 17. a5 Rc8 18. Qb2 dxc4 19. Nxc4 b5 20. Nd6 Rb8 21. Nxb5 axb5
22. Bxb8 Nxb8 23. Bxb5 Ba6 24. Rfc1 Nd5 25. Qe2 Nc7 26. Bxa6 Ncxa6 27. Qb5 Qe8
28. Qb7 Qd7 29. Rab1 Rd8 30. Qxd7 Nxd7 31. Rc6 Ra8 32. Rb7 Rb8 33. Rxb8+ Ndxb8
34. Rb6 Kf8 35. Rb7 Ke8 36. Ra7 Nb4 37. Kf1 N8c6 38. Ra8+ Kd7 39. a6 Nd5 40. a7
Nc7 41. Rf8 Nd8 42. Rg8 g6 43. g4 Ke7 44. Ke2 Kd7 45. e4 Kc8 46. d5 Kd7 47. d6
Na8 48. e5 Nb6 49. f4 Na8 50. h4 Nb6 51. Kd1 Na8 52. Kc2 Nb6 53. Kb3 Na8 54. Ka4
Nb6+ 55. Kb5 Na8 56. Rh8 1-0

[Event "World Youth Open U18 2016"]
[Site "Khanty-Mansiysk RUS"]
[Date "2016.09.26"]
[Round "5.32"]
[White "Noguchi, Takaya"]
[Black "Weerasinghe, C C"]
[Result "0-1"]
[WhiteElo "1491"]
[BlackElo "1884"]
[WhiteFideId "7002270"]
[BlackFideId "9921087"]
[EventDate "2016.09.22"]

1. e4 c5 2. c3 d5 3. exd5 Qxd5 4. d4 Nc6 5. Nf3 Nf6 6. Be2 Bg4 7. h3 Bh5 8. c4
Qd7 9. d5 Bxf3 10. Bxf3 Ne5 11. Be2 e6 12. O-O exd5 13. cxd5 Bd6 14. Nc3 O-O 15.
Be3 Rac8 16. Rc1 Bb8 17. Qd2 b6 18. Rfd1 Ng6 19. d6 Rcd8 20. Qc2 Bxd6 21. Nb5
Qe7 22. Nxd6 Rxd6 23. Rxd6 Qxd6 24. Rd1 Qe5 25. b3 Nf4 26. Bf1 Ne6 27. Qc4 Re8
28. Rd6 Qxd6 0-1

[Event "World Youth Open U18 2016"]
[Site "Khanty-Mansiysk RUS"]
[Date "2016.09.28"]
[Round "6.1"]
[White "Petrosyan, Manuel"]
[Black "Vavulin, Maksim"]
[Result "1/2-1/2"]
[WhiteTitle "IM"]
[BlackTitle "IM"]
[WhiteElo "2530"]
[BlackElo "2582"]
[WhiteFideId "13300857"]
[BlackFideId "4169530"]
[EventDate "2016.09.22"]

1. d4 Nf6 2. Nf3 e6 3. c4 b6 4. g3 Ba6 5. Qa4 Bb7 6. Bg2 c5 7. dxc5 bxc5 8. O-O
Be7 9. Nc3 Ne4 10. Nxe4 Bxe4 11. Rd1 O-O 12. Bf4 d6 13. Rd2 a5 14. Rad1 Ra6 15.
h4 h6 16. Qa3 Qc7 17. Qe3 Bf5 18. g4 Bxg4 19. Nh2 Bh5 20. Bxh6 Bxh4 21. Qh3 Qe7
22. Bf4 Qf6 23. Bxd6 Rxd6 24. Rxd6 Bxe2 25. Nf3 Bxd1 26. Qxh4 Qxh4 27. Nxh4 Bc2
28. Nf3 Rc8 29. Ne5 f6 30. Bh3 Kf8 31. Bxe6 1/2-1/2

[Event "World Youth Open U18 2016"]
[Site "Khanty-Mansiysk RUS"]
[Date "2016.09.28"]
[Round "6.2"]
[White "Mousavi, Seyed Khalil"]
[Black "Nguyen, Hoang Duc"]
[Result "1/2-1/2"]
[WhiteTitle "IM"]
[WhiteElo "2412"]
[BlackElo "1874"]
[WhiteFideId "12511099"]
[BlackFideId "12403865"]
[EventDate "2016.09.22"]

1. c4 b6 2. Nf3 Bb7 3. g3 Nf6 4. Bg2 e6 5. O-O Be7 6. d4 O-O 7. d5 exd5 8. Nh4
Ne4 9. cxd5 Bxh4 10. Bxe4 Bf6 11. Nc3 Re8 12. Qc2 h6 13. a3 d6 14. Bg2 Nd7 15.
Rd1 Bxc3 16. Qxc3 Qf6 17. Qc2 Ba6 18. Be3 Ne5 19. Bd4 Qg6 20. Rac1 Qh5 21. Re1
Re7 22. h3 Rae8 23. g4 Qg5 24. Be3 Qh4 25. Qa4 Bc8 26. Rxc7 h5 27. Rxe7 Rxe7 28.
Qc2 Bd7 29. Qc1 f6 30. f4 Nxg4 31. Bd4 Ne3 32. Bxe3 Bxh3 33. Bxh3 Qg3+ 34. Bg2
Rxe3 35. Rf1 h4 36. Rf3 Rxf3 37. exf3 Kh7 38. Qc2+ g6 39. Qf2 Qxf4 40. Bh3 f5
41. Bf1 Kh6 42. Kg2 Kh5 43. Be2 Qg5+ 44. Kh1 Qc1+ 45. Kh2 Qf4+ 46. Kh3 Kg5 47.
Bd1 Kh5 48. Qh2 Qe3 49. Qe2 Qf4 50. Qe1 Kg5 51. b4 b5 52. Qf2 a6 53. Kg2 Kf6 54.
Bb3 g5 55. Bd1 Kg6 56. Qe1 Kh5 57. Qe8+ Kh6 58. Qe6+ Kg7 59. Qe1 Kf6 60. Kh3 Qe5
61. Qxe5+ Kxe5 62. Bc2 g4+ 63. fxg4 fxg4+ 64. Kxg4 Kxd5 65. Bf5 Kc4 66. Bc8 Kb3
67. Bxa6 Kxa3 68. Bxb5 Kxb4 69. Bc6 d5 70. Bxd5 Kc5 71. Bh1 Kd4 72. Kxh4 1/2-1/2

[Event "World Youth Open U18 2016"]
[Site "Khanty-Mansiysk RUS"]
[Date "2016.09.28"]
[Round "6.3"]
[White "Kollars, Dmitrij"]
[Black "Vogel, Roven"]
[Result "1-0"]
[WhiteTitle "IM"]
[BlackTitle "IM"]
[WhiteElo "2491"]
[BlackElo "2415"]
[WhiteFideId "12909572"]
[BlackFideId "12908088"]
[EventDate "2016.09.22"]

1. e4 c5 2. Nf3 e6 3. d4 cxd4 4. Nxd4 Nc6 5. Nc3 Qc7 6. Qd3 a6 7. Nxc6 bxc6 8.
Qg3 d6 9. Bd3 Nf6 10. O-O g6 11. f4 Bg7 12. f5 Nd7 13. fxe6 fxe6 14. e5 Nxe5 15.
Ne4 Rf8 16. Bf4 Rxf4 17. Qxf4 Bb7 18. Ng5 Qe7 19. Nxh7 O-O-O 20. Qg5 Qc7 21. Nf6
Rh8 22. Rae1 Qb6+ 23. Qe3 Qd8 24. Ng4 Qh4 25. h3 Nxg4 26. Qxe6+ Kb8 27. Re4 Be5
28. Qxg4 Qd8 29. Rb4 a5 30. Rb3 Rh4 31. Rf8 Qxf8 32. Qxh4 Ka7 33. Qa4 Qd8 34.
Bxg6 Qg5 35. Qe4 Qc1+ 36. Kf2 Qd2+ 37. Kf3 Qd1+ 38. Qe2 Qd5+ 39. Qe4 Qd1+ 40.
Qe2 Qd5+ 41. Kf2 Bd4+ 42. Ke1 Bb6 43. Be4 Qd4 44. Rxb6 Qxb6 45. Qf2 c5 46. Bxb7
Qxb7 47. b3 Qb4+ 48. Qd2 Qe4+ 49. Kd1 1-0

[Event "World Youth Open U18 2016"]
[Site "Khanty-Mansiysk RUS"]
[Date "2016.09.28"]
[Round "6.4"]
[White "Rahman, Adel"]
[Black "Lorparizangeneh, Shahin"]
[Result "0-1"]
[WhiteTitle "FM"]
[BlackTitle "IM"]
[WhiteElo "2324"]
[BlackElo "2478"]
[WhiteFideId "14204177"]
[BlackFideId "12521604"]
[EventDate "2016.09.22"]

1. d4 Nf6 2. c4 g6 3. Nc3 d5 4. Nf3 Bg7 5. Bg5 Ne4 6. Bf4 c6 7. e3 Qa5 8. Bd3
Bf5 9. O-O Nxc3 10. bxc3 dxc4 11. Bxc4 Qxc3 12. Rc1 Qa3 13. Ng5 O-O 14. g4 Bc8
15. Qf3 e5 16. Nxf7 Rxf7 17. dxe5 Qe7 18. Bg5 Qe8 19. Rfd1 Be6 20. Rd8 Qxd8 21.
Bxe6 Qe8 22. Bb3 Bxe5 23. Rd1 Na6 24. Bxf7+ Qxf7 25. Qxf7+ Kxf7 26. Rd7+ Kg8 27.
Rxb7 Nc5 28. Rb1 Rb8 29. Rc1 Ne4 30. Bh4 g5 31. Bxg5 Nxg5 32. f4 Bb2 0-1

[Event "World Youth Open U18 2016"]
[Site "Khanty-Mansiysk RUS"]
[Date "2016.09.28"]
[Round "6.5"]
[White "Sanal, Vahap"]
[Black "Saiyn, Zhanat"]
[Result "1-0"]
[WhiteTitle "IM"]
[BlackTitle "IM"]
[WhiteElo "2477"]
[BlackElo "2405"]
[WhiteFideId "6300545"]
[BlackFideId "13703820"]
[EventDate "2016.09.22"]

1. Nf3 Nf6 2. g3 b5 3. Bg2 Bb7 4. b3 d6 5. c4 b4 6. d4 Nbd7 7. a3 a5 8. O-O e6
9. Bb2 Be7 10. d5 exd5 11. Nd4 O-O 12. Nf5 Re8 13. cxd5 Bf8 14. axb4 axb4 15.
Qd4 Rxa1 16. Bxa1 Rxe2 17. Qxb4 Qa8 18. Nc3 Re8 19. Nb5 Rc8 20. Rd1 Ne5 21. Ne3
c5 22. dxc6 Bxc6 23. Nxd6 Bxg2 24. Bxe5 Nd5 25. Nxd5 Bxd5 26. Qa4 Rd8 27. Nf5
Be6 28. Rxd8 Qxd8 29. Nd4 Bh3 30. Bf4 Bc5 31. Be3 Bxd4 32. Bxd4 h6 33. f3 Be6
34. Qa1 f6 35. b4 Qd5 36. Qc3 Bd7 37. g4 h5 38. h3 Be6 39. Kf2 hxg4 40. hxg4
Qa2+ 41. Kg3 1-0

[Event "World Youth Open U18 2016"]
[Site "Khanty-Mansiysk RUS"]
[Date "2016.09.28"]
[Round "6.6"]
[White "Rakotomaharo, Fy Antenaina"]
[Black "Plenca, Jadranko"]
[Result "1/2-1/2"]
[WhiteTitle "FM"]
[BlackTitle "FM"]
[WhiteElo "2439"]
[BlackElo "2396"]
[WhiteFideId "13100050"]
[BlackFideId "14527146"]
[EventDate "2016.09.22"]

1. d4 d5 2. c4 e6 3. Nc3 Be7 4. Nf3 Nf6 5. cxd5 exd5 6. Bg5 c6 7. Qc2 h6 8. Bf4
Nh5 9. Be5 Nd7 10. g4 Nxe5 11. Nxe5 Nf6 12. Rg1 Bd6 13. O-O-O Qe7 14. Rg3 Nxg4
15. f4 g5 16. e3 Nxe5 17. fxe5 Bb4 18. e4 Bxc3 19. Rxc3 Be6 20. Bg2 Rd8 21. Kb1
O-O 22. exd5 Bxd5 23. Rh3 Kg7 24. Be4 Be6 25. Rf3 1/2-1/2

[Event "World Youth Open U18 2016"]
[Site "Khanty-Mansiysk RUS"]
[Date "2016.09.28"]
[Round "6.7"]
[White "Zakaryan, David"]
[Black "Dragnev, Valentin"]
[Result "1/2-1/2"]
[WhiteTitle "FM"]
[BlackTitle "IM"]
[WhiteElo "2377"]
[BlackElo "2430"]
[WhiteFideId "24101923"]
[BlackFideId "1634852"]
[EventDate "2016.09.22"]

1. d4 Nf6 2. c4 e6 3. g3 Bb4+ 4. Bd2 c5 5. Bxb4 cxb4 6. Bg2 a5 7. e4 d6 8. a3
Na6 9. Ne2 O-O 10. O-O e5 11. axb4 Nxb4 12. Nbc3 Re8 13. Qd2 Bd7 14. f4 Bc6 15.
Rae1 Rc8 16. h3 Rc7 17. Kh2 Rce7 18. fxe5 dxe5 19. d5 Rc7 20. Rf3 Bd7 21. Ref1
Rxc4 22. g4 Nxe4 23. Nxe4 Rxe4 24. Rxf7 Rc4 25. Ng3 Rf4 26. R7xf4 exf4 27. Qxf4
Rf8 28. Qd6 Rxf1 29. Bxf1 Qe8 30. Nf5 Bxf5 31. gxf5 Qe4 32. Qb8+ Kf7 33. Bg2
Qxf5 34. Qxb7+ Kf6 35. Qb6+ Kf7 36. Qa7+ Kf6 37. Qb6+ Kf7 38. Qc7+ Kf6 39. Qd6+
Kf7 40. Qc7+ Kf6 41. Qd6+ Kf7 42. Qc7+ 1/2-1/2

[Event "World Youth Open U18 2016"]
[Site "Khanty-Mansiysk RUS"]
[Date "2016.09.28"]
[Round "6.8"]
[White "Vaishali, R"]
[Black "Hakobyan, Aram"]
[Result "0-1"]
[WhiteTitle "WIM"]
[BlackTitle "FM"]
[WhiteElo "2295"]
[BlackElo "2417"]
[WhiteFideId "5091756"]
[BlackFideId "13306677"]
[EventDate "2016.09.22"]

1. e4 e6 2. d3 d5 3. Qe2 Nf6 4. Nf3 Be7 5. g3 b6 6. Bg2 Bb7 7. Nbd2 c5 8. O-O
Nc6 9. e5 Nd7 10. Re1 Qc7 11. h4 b5 12. c4 Nb4 13. cxd5 Bxd5 14. Ne4 c4 15. dxc4
bxc4 16. Nc3 Bxf3 17. Bxf3 Rb8 18. Be4 O-O 19. Bg5 Bxg5 20. hxg5 Nxe5 21. Kg2 g6
22. Rh1 Nbd3 23. Rab1 f5 24. Bxd3 cxd3 25. Qe3 Qc6+ 26. f3 Nc4 27. Qxa7 Rb7 28.
Qd4 Rd7 29. Qf2 e5 30. b3 Na3 31. Qb2 Nxb1 32. Rxb1 Rc8 33. Nd1 Qc2+ 34. Kf1
Qxb2 35. Rxb2 Rc2 0-1

[Event "World Youth Open U18 2016"]
[Site "Khanty-Mansiysk RUS"]
[Date "2016.09.28"]
[Round "6.9"]
[White "Bellahcene, Bilel"]
[Black "Vergara Jofre, Felipe"]
[Result "1-0"]
[WhiteTitle "IM"]
[WhiteElo "2483"]
[BlackElo "2115"]
[WhiteFideId "696358"]
[BlackFideId "3416291"]
[EventDate "2016.09.22"]

1. d4 Nf6 2. Nf3 e6 3. c4 Bb4+ 4. Nc3 Nc6 5. Bg5 h6 6. Bh4 d6 7. e3 Bxc3+ 8.
bxc3 O-O 9. Nd2 e5 10. Bd3 Re8 11. O-O g5 12. Bg3 Kg7 13. d5 Nb8 14. f4 e4 15.
Be2 g4 16. f5 h5 17. h3 gxh3 18. gxh3 Nbd7 19. Bh4 Nc5 20. Rf4 Re5 21. Kh1 Qh8
22. Qg1+ Kf8 23. Qg5 Ke7 24. Rg1 Bd7 25. Rf2 c6 26. dxc6 bxc6 1-0

[Event "World Youth Open U18 2016"]
[Site "Khanty-Mansiysk RUS"]
[Date "2016.09.28"]
[Round "6.10"]
[White "Bayramov, Zaur"]
[Black "Jarmula, Lukasz"]
[Result "1/2-1/2"]
[BlackTitle "IM"]
[WhiteElo "2297"]
[BlackElo "2466"]
[WhiteFideId "13405080"]
[BlackFideId "1160664"]
[EventDate "2016.09.22"]

1. g3 e5 2. Bg2 Nf6 3. d3 d5 4. Nc3 d4 5. Nb1 c5 6. c3 Be7 7. Nf3 Nc6 8. O-O O-O
9. Bg5 Be6 10. Nbd2 Nd7 11. Bxe7 Qxe7 12. a3 a5 13. e4 a4 14. c4 Kh8 15. h4 Nf6
16. Ng5 Bg4 17. Qe1 h6 18. Nh3 Ng8 19. Kh2 g5 20. hxg5 hxg5 21. Bh1 Nf6 22. f3
Bd7 23. g4 Nd8 1/2-1/2

[Event "World Youth Open U18 2016"]
[Site "Khanty-Mansiysk RUS"]
[Date "2016.09.28"]
[Round "6.11"]
[White "Kandil, Adham"]
[Black "Song, Michael"]
[Result "0-1"]
[WhiteTitle "IM"]
[BlackTitle "FM"]
[WhiteElo "2277"]
[BlackElo "2413"]
[WhiteFideId "10618490"]
[BlackFideId "2613190"]
[EventDate "2016.09.22"]

1. e4 c5 2. Nf3 e6 3. d4 cxd4 4. Nxd4 Nc6 5. Nc3 Qc7 6. Be3 a6 7. Qd2 Nf6 8.
O-O-O Be7 9. f3 b5 10. g4 Nxd4 11. Bxd4 Bb7 12. g5 Nh5 13. Be5 Qxe5 14. Qxd7+
Kf8 15. Qxb7 Bxg5+ 16. Kb1 Qb8 17. Rd7 Qxb7 18. Rxb7 Bf6 19. a4 Nf4 20. axb5
Bxc3 21. bxc3 axb5 22. Bxb5 g5 23. Rd1 Kg7 24. Rdd7 Rhf8 25. c4 Ng6 26. Rd3 Ne5
27. Rc3 Rfc8 28. c5 Rab8 29. Rxb8 Rxb8 30. Rb3 Nxf3 31. Rxf3 Rxb5+ 32. Ka2 Rxc5
33. Kb3 f5 34. exf5 exf5 35. c4 g4 36. Rf1 Kf6 37. Kb4 Rc8 38. h4 g3 39. Kc3 Ke5
40. Kd3 f4 41. h5 Rd8+ 42. Ke2 Ke4 43. c5 Ra8 44. Rc1 Ra2+ 45. Kf1 f3 46. c6 Rh2
47. Re1+ Kf4 0-1

[Event "World Youth Open U18 2016"]
[Site "Khanty-Mansiysk RUS"]
[Date "2016.09.28"]
[Round "6.12"]
[White "Kalogeris, Ioannis"]
[Black "Thybo, Jesper Sondergaard"]
[Result "1-0"]
[BlackTitle "FM"]
[WhiteElo "2271"]
[BlackElo "2358"]
[WhiteFideId "4239563"]
[BlackFideId "1438832"]
[EventDate "2016.09.22"]

1. Nf3 Nf6 2. c4 b6 3. d4 e6 4. a3 Ba6 5. e3 d5 6. Ne5 dxc4 7. Nc3 Bb7 8. f3
Nbd7 9. Nxc4 Be7 10. e4 O-O 11. Be2 c5 12. d5 exd5 13. exd5 Ne8 14. Bf4 Bh4+ 15.
g3 Bg5 16. Qd2 Bxf4 17. Qxf4 Qf6 18. Qxf6 Ndxf6 19. O-O-O Rd8 20. d6 Ba6 21. d7
Nc7 22. Ne5 Bb7 23. Bc4 g6 24. Rd6 Kg7 25. Rhd1 h5 26. Nb5 Nxb5 27. Bxb5 Ng8 28.
Bc6 Ba6 29. b4 f6 30. Nd3 Bxd3 31. R1xd3 Ne7 32. bxc5 bxc5 33. Ba4 Rf7 34. Re3
Ng8 35. Re8 Rf8 36. Rde6 Nh6 37. R6e7+ Nf7 38. Rxd8 Rxd8 39. Bb3 1-0

[Event "World Youth Open U18 2016"]
[Site "Khanty-Mansiysk RUS"]
[Date "2016.09.28"]
[Round "6.13"]
[White "Timerkhanov, Alexander"]
[Black "Krishna Teja, N"]
[Result "1-0"]
[WhiteTitle "FM"]
[BlackTitle "IM"]
[WhiteElo "2340"]
[BlackElo "2268"]
[WhiteFideId "24177938"]
[BlackFideId "5001498"]
[EventDate "2016.09.22"]

1. d4 Nf6 2. c4 e6 3. g3 d5 4. Nf3 Be7 5. Bg2 O-O 6. O-O c6 7. Nc3 b6 8. Nd2 Bb7
9. e4 Na6 10. a3 Rc8 11. e5 Ne8 12. cxd5 cxd5 13. f4 g6 14. g4 f5 15. exf6 Nxf6
16. h3 Nc7 17. Nf3 Ne4 18. Ne5 Nxc3 19. bxc3 Nb5 20. Qd3 Nxc3 21. f5 exf5 22.
Bh6 Ne4 23. Bxf8 Bxf8 24. gxf5 Rc3 25. Qe2 Bh6 26. fxg6 Be3+ 27. Kh1 Qg5 28.
gxh7+ Kxh7 29. Rf7+ Kg8 30. Raf1 Nd6 31. Rf8+ Kg7 32. R8f6 Qh4 33. Rxd6 Bf4 34.
Rg1 Rg3 35. Nf3 1-0

[Event "World Youth Open U18 2016"]
[Site "Khanty-Mansiysk RUS"]
[Date "2016.09.28"]
[Round "6.14"]
[White "Toma, Radu-Cristian"]
[Black "Christiansen, Johan-Sebastian"]
[Result "1-0"]
[BlackTitle "IM"]
[WhiteElo "2343"]
[BlackElo "2413"]
[WhiteFideId "1217992"]
[BlackFideId "1512668"]
[EventDate "2016.09.22"]

1. Nf3 c5 2. c4 g6 3. g3 Bg7 4. Bg2 Nc6 5. O-O e6 6. Nc3 Nge7 7. e3 Nf5 8. Ne2
Qb6 9. Rb1 Qa6 10. Qb3 O-O 11. d3 d5 12. Bd2 Rd8 13. cxd5 exd5 14. Rfc1 b6 15.
Nf4 Nfe7 16. a4 Rb8 17. Qa3 Bf8 18. h4 Bf5 19. Bf1 Qb7 20. b4 cxb4 21. Bxb4 Nxb4
22. Qxb4 Nc6 23. Qb5 Na5 24. Ne5 a6 25. Qb2 Bg7 26. Ra1 Rbc8 27. d4 Be4 28. Bh3
Rxc1+ 29. Rxc1 Bxe5 30. dxe5 b5 31. e6 f5 32. axb5 axb5 33. Rc5 Rb8 34. Bf1 Nc4
35. Qb4 Ne5 36. Be2 Qe7 37. f3 Nc6 38. Qc3 b4 39. Qc1 b3 40. Rxc6 b2 41. Rc8+
Rxc8 42. Qxb2 Bc2 43. Nxd5 Qxe6 44. Qb7 Rd8 45. Bc4 Rf8 46. Kf2 Bd1 47. Qb4 Kg7
48. Qa5 Qc8 49. Qa7+ 1-0

[Event "World Youth Open U18 2016"]
[Site "Khanty-Mansiysk RUS"]
[Date "2016.09.28"]
[Round "6.15"]
[White "Khodashenas, Mersad"]
[Black "Meunier, Clement2"]
[Result "1/2-1/2"]
[BlackTitle "FM"]
[WhiteElo "2394"]
[BlackElo "2290"]
[WhiteFideId "12514195"]
[BlackFideId "20667930"]
[EventDate "2016.09.22"]

1. e4 e5 2. Nf3 Nc6 3. Bb5 a6 4. Ba4 Nf6 5. O-O b5 6. Bb3 Be7 7. Re1 d6 8. c3
O-O 9. h3 Na5 10. Bc2 c5 11. d4 Qc7 12. Nbd2 cxd4 13. cxd4 Rd8 14. b3 Be6 15.
Bb2 Nb7 16. Rc1 Qb6 17. Qe2 exd4 18. Nxd4 Nc5 19. Qe3 1/2-1/2